How it's done (K-Pop Demon Hunters, Huntrix) - lyrics - Statistics

General Stats
  • This quiz has been taken 259 times
  • The average score is 286 of 452
Answer Stats
Answer % Correct
I
95%
a
94%
A
94%
you
93%
You
93%
you)
93%
do
92%
it
90%
it?
90%
how
89%
How
89%
(How
89%
how)
89%
the
89%
bad
87%
show
86%
(Show
86%
it's
85%
done
84%
done)
84%
(Done
84%
to
84%
when
83%
(Na
81%
na
81%
na)
81%
my
80%
time
80%
on
79%
get
78%
ne
78%
in
77%
at
75%
beat
75%
came
75%
for
75%
go
75%
I'll
75%
so
75%
So
75%
no
74%
wild?
74%
wild
74%
And
71%
and
71%
like
71%
Hear
70%
I'm
70%
(I'm
70%
is
69%
Okay
69%
our
69%
us
69%
(Us,
69%
Better
68%
hunt
68%
wanna
68%
gonna
67%
up
67%
down
66%
(down)
66%
lullaby
66%
mascara
66%
your
66%
Cause
64%
come
64%
era
64%
level
64%
hello?)
63%
Huntrix
63%
just
63%
out
63%
that
63%
we
63%
We
63%
yeah
63%
Yeah
63%
baddest?
62%
check
61%
crossed
61%
Fit
61%
mind
61%
Mirror
61%
mirror
61%
sound
61%
this
61%
what
61%
what?
61%
who's
61%
blade
60%
But
60%
but
60%
line
60%
nails
60%
dont
59%
Knocking
57%
not
57%
pull
57%
blood
56%
cute
56%
Heels
56%
late
56%
party
56%
little
55%
Make
55%
savage
55%
Body
54%
body
54%
napalm
54%
phone
54%
Beating
53%
isn't
53%
ringing
53%
Bleeding
52%
Need
52%
face
51%
Run
51%
run
51%
sorry
51%
sit
50%
die
49%
play
49%
right
49%
even
48%
miss
48%
da
47%
gettin'
47%
town
47%
battle
46%
naughty
46%
song
45%
start
45%
voice
45%
Ugh
44%
born
43%
might
43%
luck
42%
playin'
42%
tryin'
42%
want
42%
bit
41%
That's
40%
that's
40%
was
40%
avoiding
39%
know
39%
light
39%
look
39%
never
39%
going
38%
Til
38%
world
38%
dark
36%
humbling
36%
quit
36%
something
36%
There
36%
Whole
36%
about
34%
crown
34%
night
34%
meets
33%
of
32%
aint
31%
defeats
31%
now
31%
now)
31%
point
31%
rambo
31%
huh?
30%
Nothing
30%
tryna
30%
unwavering
30%
ramble
29%
Annoyed?
28%
sunup
28%
venom
28%
loaded
27%
natural
27%
facts
26%
From
26%
Spittin'
26%
way
26%
afraid
25%
bite
25%
Locked
25%
Makin'
25%
million
25%
sundown
25%
Hey
24%
Full
23%
got
23%
(Got
23%
words
23%
You're
23%
fear
22%
one
22%
sweat
22%
talk
22%
Won
22%
Turnin'
21%
we're
21%
tears
20%
breathe
19%
either
18%
killin'
18%
Took
16%
shootin'
15%
bring
11%
dallaseo
9%
wae
5%
wae?
5%
ppyeosokbuteo
4%
bikyeo
3%
Bureul
3%
geurae?
3%
pogihae
3%
apgireul
2%
bichwo
2%
Gapjagi
2%
geondeuryeo
2%
Ijeya
2%
Meonjeo
2%
ppaetgyeo
2%
No matching quizzes found
Score Distribution
Percent of People with Each Score
Percentile by Number Answered
Your Score History
You have not taken this quiz